Four-Letter First Name Chain - Statistics

General Stats
  • This quiz has been taken 23 times
  • The average score is 9 of 15
Answer Stats
Hint Answer % Correct
Nickname for Douglas Doug
90%
A person from Finland Finn
90%
____ of Green Gables Anne
85%
English aristocratic title Earl
85%
Trojan war hero, or abrasive cleaner Ajax
75%
Moby Dick's sea captain Ahab
70%
Girl's name whose homophone means a very strong wind Gail
70%
Norse explorer ____ Eriksson Leif
70%
"____: Warrior Princess" Xena
70%
Italian for air, or a solo song Aria
65%
French for beautiful or handsome Beau
65%
Type of grass that grows in water Reed
40%
"My name is ____, I live on the second floor" Luka
35%
A form of Nur, meaning "light" in Arabic Noor
20%
Hindu goddess of the dawn Usha
10%
No matching quizzes found
Score Distribution
Percent of People with Each Score
Percentile by Number Answered
Your Score History
You have not taken this quiz